[Event "Chess.com Classic Div 3 W"]
[Site "chess.com INT"]
[Date "2024.05.10"]
[Round "1.1"]
[White "Andreikin, Dmitry"]
[Black "Deac, Bogdan-Daniel"]
[Result "1/2-1/2"]
[WhiteTitle "GM"]
[BlackTitle "GM"]
[WhiteElo "2729"]
[BlackElo "2693"]
[WhiteFideId "4158814"]
[BlackFideId "1226380"]
[EventDate "2024.05.10"]
[EventType "k.o."]

1. d4 Nf6 2. Nf3 d5 3. c3 a6 4. Bf4 Bf5 5. Qb3 Qc8 6. e3 e6 7. c4 dxc4 8. Bxc4
Bd6 9. Bxd6 cxd6 10. O-O O-O 11. Nbd2 Nc6 12. Rfc1 Qd7 13. Qb6 Rfc8 14. Bb3 Ne7
15. Qa5 Rxc1+ 16. Rxc1 Rc8 17. Rxc8+ Qxc8 18. h3 Nc6 19. Qc3 h6 20. Ba4 b5 21.
Bd1 Nd5 22. Qc1 Nb6 23. Be2 Nb4 24. Qxc8+ Nxc8 25. a3 Nc6 26. a4 N8a7 27. axb5
axb5 28. Ne1 e5 29. d5 Nb4 30. e4 Bd7 31. f3 f5 32. Kf2 Kf7 33. Nd3 Nxd3+ 34.
Bxd3 f4 35. Nb3 Ke7 36. Nc1 Kd8 37. Na2 Kc7 38. b4 Nc8 39. Nc3 Kb6 40. h4 Ne7
41. g3 g5 42. hxg5 hxg5 43. g4 Ng6 44. Ne2 Nf8 45. Ng1 Nh7 46. Nh3 Kc7 47. Ke2
Kb6 48. Kd2 Kc7 49. Nf2 Kb6 50. Be2 Kc7 51. Nd3 Kb6 52. Nc1 Nf8 53. Nb3 Ng6 54.
Ke1 Nf8 55. Nc1 Nh7 56. Nd3 Nf8 57. Nf2 Nh7 58. Nh3 Kc7 59. Kd2 Kb6 60. Ke1 Kc7 1/2-1/2

[Event "Chess.com Classic Div 3 W"]
[Site "chess.com INT"]
[Date "2024.05.10"]
[Round "1.1"]
[White "Bok, Benjamin"]
[Black "Le, Quang Liem"]
[Result "1/2-1/2"]
[WhiteTitle "GM"]
[BlackTitle "GM"]
[WhiteElo "2599"]
[BlackElo "2731"]
[WhiteFideId "1017063"]
[BlackFideId "12401137"]
[EventDate "2024.05.10"]
[EventType "k.o."]

1. c4 e6 2. g3 d5 3. Bg2 Nf6 4. Nf3 Be7 5. d4 O-O 6. Nc3 Nbd7 7. Qd3 b6 8. cxd5
Nxd5 9. Nxd5 exd5 10. O-O Bb7 11. Be3 c5 12. b3 Rc8 13. Rac1 h6 14. Rfd1 Nf6 15.
Ne5 Bd6 16. Qf5 Qe7 17. Ng4 Nxg4 18. Qxg4 c4 19. bxc4 dxc4 20. Bxh6 f5 21. Qxg7+
Qxg7 22. Bxg7 Rf7 23. Be5 Ba3 24. Rc2 Bxg2 25. Kxg2 b5 26. d5 Rd7 27. d6 Kf7 28.
f4 Ke6 29. Kf3 Bxd6 30. Rcd2 Rcd8 31. e4 fxe4+ 32. Kxe4 Bxe5 33. Rxd7 Rxd7 34.
Rxd7 Kxd7 35. fxe5 c3 36. Kd3 b4 37. h4 Ke6 38. h5 Kxe5 39. g4 Kf6 40. h6 Kg6
41. g5 a5 42. a3 Kh7 43. axb4 axb4 44. Kc2 Kg6 45. Kb3 Kh7 46. Kc2 Kg6 47. Kb3
Kh7 48. Kc2 1/2-1/2

[Event "Chess.com Classic Div 3 W"]
[Site "chess.com INT"]
[Date "2024.05.10"]
[Round "1.1"]
[White "Daneshvar, Bardiya"]
[Black "Grandelius, Nils"]
[Result "1/2-1/2"]
[WhiteTitle "GM"]
[BlackTitle "GM"]
[WhiteElo "2582"]
[BlackElo "2664"]
[WhiteFideId "12576468"]
[BlackFideId "1710400"]
[EventDate "2024.05.10"]
[EventType "k.o."]

1. g3 d5 2. Nf3 Nd7 3. d4 Nb6 4. b3 Bf5 5. Ba3 h6 6. Bg2 Nf6 7. O-O c6 8. e3
Nbd7 9. c4 e6 10. Bxf8 Nxf8 11. Nc3 N8d7 12. Qe2 O-O 13. Rfd1 Ne4 14. Qb2 Nxc3
15. Qxc3 Be4 16. b4 b5 17. c5 a5 18. a3 a4 19. Nd2 Bxg2 20. Kxg2 f5 21. Nf3 Qf6
22. h4 Rae8 23. Ne5 Nxe5 24. dxe5 Qg6 25. Qd4 Re7 26. Rh1 Qh5 27. Qd1 Qxd1 28.
Raxd1 g6 29. f4 h5 30. Kf3 Rd7 1/2-1/2

[Event "Chess.com Classic Div 3 W"]
[Site "chess.com INT"]
[Date "2024.05.10"]
[Round "1.1"]
[White "Giri, Anish"]
[Black "Kamsky, Gata"]
[Result "1/2-1/2"]
[WhiteTitle "GM"]
[BlackTitle "GM"]
[WhiteElo "2745"]
[BlackElo "2616"]
[WhiteFideId "24116068"]
[BlackFideId "2000024"]
[EventDate "2024.05.10"]
[EventType "k.o."]

1. Nf3 Nf6 2. c4 c6 3. Nc3 d5 4. d4 a6 5. Qc2 dxc4 6. e4 b5 7. Be2 Bg4 8. O-O e6
9. a4 Nbd7 10. d5 cxd5 11. axb5 axb5 12. Rxa8 Qxa8 13. exd5 exd5 14. Nxb5 Qb8
15. Nfd4 Be6 16. b3 Bc5 17. bxc4 O-O 18. Nxe6 fxe6 19. cxd5 Nxd5 20. Ba3 Bxa3
21. Nxa3 Ne5 22. Nc4 Nf4 23. Qe4 Nxc4 24. Bxc4 Kh8 25. Re1 Qb6 26. Qe3 Qxe3 27.
fxe3 Nd5 28. Bxd5 exd5 29. Rd1 Rd8 30. e4 d4 31. Kf2 Kg8 32. Ke2 Kf7 33. Kd3 Ra8
34. Rd2 Ra4 35. Rc2 h5 36. g3 g6 37. Rc6 Ra2 38. Kxd4 Rxh2 39. Ke5 Rf2 40. Rc7+
Kf8 41. Ke6 Rf3 42. e5 Rxg3 43. Kf6 Rf3+ 44. Kxg6 h4 45. Rh7 h3 46. e6 Ke8 47.
Kg5 1/2-1/2

[Event "Chess.com Classic Div 3 W"]
[Site "chess.com INT"]
[Date "2024.05.10"]
[Round "1.1"]
[White "Gledura, Benjamin"]
[Black "Durarbayli, Vasif"]
[Result "1-0"]
[WhiteTitle "GM"]
[BlackTitle "GM"]
[WhiteElo "2619"]
[BlackElo "2627"]
[WhiteFideId "712779"]
[BlackFideId "13402935"]
[EventDate "2024.05.10"]
[EventType "k.o."]

1. Nf3 d5 2. g3 c5 3. Bg2 Nf6 4. O-O Nc6 5. d4 cxd4 6. Nxd4 e5 7. Nxc6 bxc6 8.
c4 Be6 9. Qa4 Qd7 10. Nc3 Rc8 11. cxd5 cxd5 12. Qxd7+ Kxd7 13. Rd1 Bb4 14. Nxd5
Nxd5 15. Bxd5 Bxd5 16. Rxd5+ Ke6 17. Rb5 Bc5 18. Bd2 Rhd8 19. Be1 Bb6 20. Kf1
Rc2 21. Bc3 f6 22. a4 Rd7 23. e3 Rd5 24. Rb3 e4 25. Rb4 Kf5 26. h3 h5 27. g4+
hxg4 28. hxg4+ Kxg4 29. Rxe4+ Kh3 30. a5 Bc5 31. Be1 Rxb2 32. Raa4 Rh5 33. Rg4
g5 34. Rg3+ Kh2 35. Rg2+ Kh1 36. Rag4 Bd6 37. Rg1+ Kh2 38. R4g2+ 1-0

[Event "Chess.com Classic Div 3 W"]
[Site "chess.com INT"]
[Date "2024.05.10"]
[Round "1.1"]
[White "Kozak, Adam"]
[Black "Bernadskiy, Vitaliy"]
[Result "1-0"]
[WhiteTitle "GM"]
[BlackTitle "GM"]
[WhiteElo "2607"]
[BlackElo "2564"]
[WhiteFideId "753246"]
[BlackFideId "14100371"]
[EventDate "2024.05.10"]
[EventType "k.o."]

1. Nf3 Nf6 2. c4 g6 3. b3 Bg7 4. Bb2 O-O 5. g3 d6 6. d4 c5 7. Bg2 Ne4 8. O-O Nc6
9. e3 Bg4 10. Nbd2 Ng5 11. Qc2 Bxf3 12. Nxf3 Nxf3+ 13. Bxf3 cxd4 14. Bxc6 bxc6
15. Bxd4 Bxd4 16. exd4 a5 17. Rfe1 e6 18. Qc3 d5 19. Rec1 Qb6 20. h4 Rfd8 21.
Qe3 a4 22. Rab1 axb3 23. Rxb3 Qc7 24. a3 Qe7 25. cxd5 cxd5 26. Qf4 Rdc8 27.
Rxc8+ Rxc8 28. Rb8 Rxb8 29. Qxb8+ Kg7 30. Qb3 Qa7 31. Qb4 Qc7 32. a4 Qc1+ 33.
Kg2 Qc2 34. a5 Qe4+ 35. Kg1 Qe2 36. Qc3 h5 37. Qa1 Qa6 38. Kg2 Kf6 39. Qc3 Qb5
40. Qa3 Qa6 41. Qa4 Ke7 42. Qb4+ Ke8 43. Qb8+ Ke7 44. Qc7+ Ke8 45. Qc5 Qe2 46.
Qa3 Qa6 47. Qc3 Ke7 48. Qd2 Kd7 49. Qf4 Ke8 50. Qc7 Qb5 51. Qc8+ Ke7 52. a6 Qe2
53. Qc7+ Kf8 54. a7 Qe4+ 55. Kh2 Qe2 56. a8=Q+ 1-0

[Event "Chess.com Classic Div 3 W"]
[Site "chess.com INT"]
[Date "2024.05.10"]
[Round "1.1"]
[White "Le, Tuan Minh"]
[Black "Kovalev, Vladislav"]
[Result "1/2-1/2"]
[WhiteTitle "GM"]
[BlackTitle "GM"]
[WhiteElo "2567"]
[BlackElo "2561"]
[WhiteFideId "12401153"]
[BlackFideId "13504398"]
[EventDate "2024.05.10"]
[EventType "k.o."]

1. d4 Nf6 2. Nf3 d5 3. Bf4 c5 4. c3 Qb6 5. Qc2 cxd4 6. cxd4 Nc6 7. Nc3 a6 8. e3
Bf5 9. Qb3 Qxb3 10. axb3 e6 11. Ne5 Nxe5 12. Bxe5 Rc8 13. Bxf6 gxf6 14. Kd2 Bb4
15. Bd3 Bg6 16. Rhc1 Ke7 17. Bxg6 hxg6 18. h3 Rc6 19. Kd3 Rhc8 20. Rc2 f5 21.
Rac1 Bd6 22. f3 Kd7 23. Ne2 Rxc2 24. Rxc2 Rh8 25. Nc3 Rc8 26. Na4 Rxc2 27. Kxc2
Bb4 28. Nc3 Kc6 29. Ne2 Bd6 30. Kd3 Kb5 31. f4 Kb4 32. Kc2 Kb5 33. Ng1 Kc6 34.
Nf3 Kd7 35. Ne1 Kc7 36. Nd3 Kc6 37. Kd1 a5 38. g3 b6 39. Kc2 Kd7 40. Kd2 Kc6 41.
Kc3 Kb5 42. g4 fxg4 43. hxg4 Kc6 44. g5 Kb5 45. Nf2 Kc6 46. Ng4 Kd7 47. Kd3 Ke7
48. Ke2 Kd7 49. Kf3 b5 50. e4 dxe4+ 51. Kxe4 a4 52. bxa4 bxa4 53. Ne5+ Ke7 54.
Nc4 Bc7 55. Ne3 Bd6 56. Nc2 Kd7 57. Ne3 Ke7 58. Nc4 Bc7 59. Na3 Bd6 60. Nc2 Kd7
61. Ne3 Ke7 1/2-1/2

[Event "Chess.com Classic Div 3 W"]
[Site "chess.com INT"]
[Date "2024.05.10"]
[Round "1.1"]
[White "Mamedov, Rauf"]
[Black "Iturrizaga Bonelli, Eduardo"]
[Result "1-0"]
[WhiteTitle "GM"]
[BlackTitle "GM"]
[WhiteElo "2651"]
[BlackElo "2591"]
[WhiteFideId "13401653"]
[BlackFideId "3901211"]
[EventDate "2024.05.10"]
[EventType "k.o."]

1. e4 c6 2. c4 d5 3. exd5 cxd5 4. cxd5 Nf6 5. Nc3 Nxd5 6. Bb5+ Nc6 7. Nf3 e6 8.
d4 Be7 9. O-O O-O 10. Re1 Nxc3 11. bxc3 Qc7 12. Bd3 b6 13. Ng5 h6 14. Qh5 Nd8
15. Bd2 Bxg5 16. Bxg5 Qxc3 17. Rad1 Ba6 18. Bxa6 hxg5 19. Re3 Qa5 20. Bc4 Rc8
21. Rh3 f5 22. Bb3 g4 23. Rh4 Rf6 24. Qe8+ Rf8 25. Bxe6+ 1-0

[Event "Chess.com Classic Div 3 W"]
[Site "chess.com INT"]
[Date "2024.05.10"]
[Round "1.1"]
[White "Moiseenko, Alexander"]
[Black "Idani, Pouya"]
[Result "1/2-1/2"]
[WhiteTitle "GM"]
[BlackTitle "GM"]
[WhiteElo "2561"]
[BlackElo "2605"]
[WhiteFideId "14102560"]
[BlackFideId "12510130"]
[EventDate "2024.05.10"]
[EventType "k.o."]

1. d4 Nf6 2. Bg5 d5 3. e3 Ne4 4. Bf4 Bf5 5. Bd3 e6 6. f3 Nd6 7. Ne2 Nd7 8. Nbc3
Bg6 9. h4 c5 10. dxc5 Nxc5 11. Bxd6 Bxd6 12. Bb5+ Kf8 13. h5 a6 14. Ba4 Bf5 15.
g4 Qg5 16. gxf5 Qxe3 17. Qd4 Bg3+ 18. Kd1 Qxd4+ 19. Nxd4 Be5 20. Nb3 Rc8 21.
Nxc5 Rxc5 22. fxe6 fxe6 23. Re1 Bxc3 24. bxc3 Ke7 25. Kd2 Rf8 26. Re3 Rf4 27.
Bb3 Kf6 28. Rh1 b5 29. Ke2 a5 30. a3 a4 31. Ba2 Rf5 32. h6 g6 33. Kd2 Rg5 34. f4
Rg2+ 35. Kc1 Rf2 36. Rh4 Rc6 37. Rd3 Re2 38. Kb2 Re4 39. Rdh3 Re2 40. Rh2 Re3
41. R4h3 Re4 42. Rf3 Rc8 43. Rg2 Rf8 44. c4 bxc4 45. Kc3 Ke7 46. Rgf2 Kd6 47.
Kd2 Rb8 48. c3 Rb2+ 49. Kc1 Rxf2 50. Rxf2 Re3 51. Kd2 Rh3 52. Bb1 Rxh6 53. Bc2
Rh1 54. Bxa4 Ra1 55. Rh2 Rxa3 56. Bc2 Ra7 57. Ke3 Kc5 58. Rh6 Rf7 59. Rh1 Ra7
60. Rh2 Ra3 61. Kd2 Ra7 62. Ke3 Rf7 63. Rh1 Kd6 64. Ra1 Ke7 65. Ra6 Kf6 66. Bd1
Rb7 67. Bg4 Re7 68. Kd4 h6 69. Bh3 Re8 70. Rb6 Re7 71. Rc6 Re8 72. Rd6 Re7 73.
Ra6 Re8 74. Bg4 Re7 75. Bh3 1/2-1/2

[Event "Chess.com Classic Div 3 W"]
[Site "chess.com INT"]
[Date "2024.05.10"]
[Round "1.1"]
[White "Nguyen, Ngoc Truong Son"]
[Black "Bjerre, Jonas Buhl"]
[Result "0-1"]
[WhiteTitle "GM"]
[BlackTitle "GM"]
[WhiteElo "2633"]
[BlackElo "2653"]
[WhiteFideId "12401110"]
[BlackFideId "1444948"]
[EventDate "2024.05.10"]
[EventType "k.o."]

1. d4 Nf6 2. Nf3 d5 3. Bf4 c5 4. e3 Nc6 5. Nbd2 cxd4 6. exd4 Bf5 7. c3 h6 8. Qb3
Qc8 9. Ne5 e6 10. Bb5 a6 11. Bxc6+ bxc6 12. Qa4 Bd6 13. Bg3 Bxe5 14. Bxe5 Bd3
15. Qd1 O-O 16. Bxf6 gxf6 17. Qf3 Bf5 18. O-O Rb8 19. b4 Kh7 20. Rfe1 Rg8 21.
Re3 a5 22. a3 Ra8 23. Rae1 axb4 24. axb4 Ra2 25. Nf1 Be4 26. Rxe4 dxe4 27. Qxf6
Qf8 28. Rxe4 Ra1 29. g3 Qg7 30. Qf3 Rc1 31. Kg2 Qg6 32. Rf4 Rg7 33. Rf6 Qb1 34.
Nd2 Rg1+ 35. Kh3 Qd1 36. Qxd1 Rxd1 37. Ne4 Re1 38. Nd6 Kg8 39. Rxh6 Rg5 40. Kg2
Rd5 41. Nc8 Kg7 42. Rh4 Rc1 43. Ne7 Rd6 44. Rg4+ Kf8 45. Nc8 Rd8 46. Na7 Rxc3
47. b5 cxb5 48. Nxb5 Rb3 49. Nc7 Rb6 50. d5 exd5 51. Rd4 Rd7 52. Nxd5 Rbd6 53.
Rf4 Rxd5 54. h4 Kg7 55. Rg4+ Kf8 56. Rf4 R7d6 57. Rf3 Kg7 58. Rf4 Rf6 59. Rg4+
Kf8 60. f4 Rg6 0-1

[Event "Chess.com Classic Div 3 W"]
[Site "chess.com INT"]
[Date "2024.05.10"]
[Round "1.1"]
[White "Rasulov, Vugar"]
[Black "Paravyan, David"]
[Result "1-0"]
[WhiteTitle "GM"]
[BlackTitle "GM"]
[WhiteElo "2560"]
[BlackElo "2606"]
[WhiteFideId "13402390"]
[BlackFideId "4194985"]
[EventDate "2024.05.10"]
[EventType "k.o."]

1. e4 e5 2. Nf3 Nf6 3. Nxe5 d6 4. Nf3 Nxe4 5. d3 Nf6 6. d4 d5 7. Bd3 Bd6 8. Qe2+
Be7 9. O-O O-O 10. h3 Re8 11. c4 Bd6 12. Qc2 Nc6 13. a3 Be6 14. c5 Bf8 15. Nc3
Qd7 16. Ne5 Nxe5 17. dxe5 Nh5 18. Ne2 g6 19. f4 Bxh3 20. gxh3 Qxh3 21. Rf2 b6
22. b4 bxc5 23. bxc5 Bxc5 24. Qxc5 Qxd3 25. Qe3 Qf5 26. Bd2 Nf6 27. Ng3 Qh3 28.
Ne4 Qg4+ 29. Rg2 Qxg2+ 30. Kxg2 Nxe4 31. Rb1 Reb8 32. Rxb8+ Rxb8 33. Bc1 c5 34.
Qd3 Rd8 35. Kf3 h5 36. Qa6 Rb8 37. e6 Rb3+ 38. Kg2 Rg3+ 39. Kh2 Rc3 40. Qc8+ Kh7
41. exf7 Rc2+ 42. Kh3 Rc3+ 43. Kg2 Rc2+ 44. Kf3 Rc3+ 45. Be3 Nd6 46. Qg8+ Kh6
47. f8=Q# 1-0

[Event "Chess.com Classic Div 3 W"]
[Site "chess.com INT"]
[Date "2024.05.10"]
[Round "1.1"]
[White "Sadhwani, Raunak"]
[Black "Moussard, Jules"]
[Result "1-0"]
[WhiteTitle "GM"]
[BlackTitle "GM"]
[WhiteElo "2654"]
[BlackElo "2611"]
[WhiteFideId "35093487"]
[BlackFideId "642908"]
[EventDate "2024.05.10"]
[EventType "k.o."]

1. e4 c5 2. Nf3 e6 3. d4 cxd4 4. Nxd4 Nc6 5. Nc3 Qc7 6. Be3 a6 7. Bd3 Nf6 8. Qe2
Bb4 9. Nxc6 Qxc6 10. Bd4 Qd6 11. Be3 Bxc3+ 12. bxc3 Qc7 13. O-O d6 14. c4 e5 15.
Rab1 O-O 16. Rb2 Nd7 17. Rfb1 Nc5 18. Kh1 Rb8 19. f3 Be6 20. Qd2 Rfc8 21. Bf1 b6
22. h3 h6 23. Rd1 Rd8 24. Qb4 Qc6 25. Qa3 Kf8 26. Rdb1 a5 27. Rb5 Qc7 28. Bd3
Bd7 29. R5b2 Rdc8 30. Be2 Ke7 31. Rd1 Be6 32. Rb5 Qa7 33. f4 f6 34. Bxc5 Rxc5
35. Qg3 g5 36. fxe5 fxe5 37. Rb3 Rf8 38. Qe3 Qc7 39. Rdb1 Rb8 40. Qf3 Qd8 41.
Qh5 Qf8 42. Rxb6 Rxb6 43. Rxb6 Kd7 44. Qg6 Kc7 45. Rb1 Bd7 46. Rf1 Qe8 47. Qxh6
g4 48. hxg4 Rc6 49. Rf6 Rb6 50. g5 Rb2 51. g6 Rxc2 52. Bf3 Qg8 53. g7 Qxc4 54.
Kh2 Rb2 55. Qg5 Rb8 56. Rf8 Be6 57. Qe7+ Bd7 58. Bg4 1-0

[Event "Chess.com Classic Div 3 W"]
[Site "chess.com INT"]
[Date "2024.05.10"]
[Round "1.1"]
[White "Sjugirov, Sanan"]
[Black "Tang, Andrew"]
[Result "1-0"]
[WhiteTitle "GM"]
[BlackTitle "GM"]
[WhiteElo "2692"]
[BlackElo "2505"]
[WhiteFideId "4189302"]
[BlackFideId "2059630"]
[EventDate "2024.05.10"]
[EventType "k.o."]

1. d4 d5 2. c4 e6 3. Nc3 Be7 4. Nf3 Nf6 5. cxd5 exd5 6. Qc2 c6 7. h3 Bd6 8. g3
O-O 9. Bf4 Re8 10. e3 a5 11. Bd3 Na6 12. a3 Nc7 13. Rc1 h6 14. Bxd6 Qxd6 15. g4
Ne6 16. Ne2 Bd7 17. Ng3 Nf4 18. Ne5 Nxd3+ 19. Qxd3 b6 20. O-O c5 21. f4 Rac8 22.
Kh2 Nh7 23. Rcd1 c4 24. Qd2 f6 25. Nxd7 Qxd7 26. Nf5 Re6 27. Qg2 Rce8 28. Rf3 b5
29. Rg1 b4 30. axb4 axb4 31. h4 Rc6 32. h5 c3 33. bxc3 bxc3 34. Qc2 Rb8 35. Rb1
Rxb1 36. Qxb1 c2 37. Qc1 Nf8 38. Rf2 Qc7 39. Kg3 Kf7 40. Kf3 Rc3 41. Ng3 Ne6 42.
Kg2 Qc6 43. Nf5 Nc7 44. Rf1 Na6 45. Kh3 Nb4 46. Qb2 Rc4 47. Rc1 Nd3 48. Qa3 Qc7
49. Qxd3 Rc3 50. Qb5 Ke6 51. Qe8+ 1-0

[Event "Chess.com Classic Div 3 W"]
[Site "chess.com INT"]
[Date "2024.05.10"]
[Round "1.1"]
[White "Vokhidov, Shamsiddin"]
[Black "Radjabov, Teimour"]
[Result "1/2-1/2"]
[WhiteTitle "GM"]
[BlackTitle "GM"]
[WhiteElo "2592"]
[BlackElo "2723"]
[WhiteFideId "14204223"]
[BlackFideId "13400924"]
[EventDate "2024.05.10"]
[EventType "k.o."]

1. e4 e5 2. Nf3 Nf6 3. d4 Nxe4 4. Bd3 d5 5. Nxe5 Nd7 6. O-O Nxe5 7. dxe5 Nc5 8.
Be3 Be7 9. f4 Nxd3 10. Qxd3 g6 11. Nc3 c6 12. Ne2 c5 13. c3 Bf5 14. Qd2 Qd7 15.
Ng3 Rd8 16. Nxf5 Qxf5 17. Qf2 b6 18. Rad1 O-O 19. Qf3 d4 20. cxd4 cxd4 21. Rxd4
Rxd4 22. Bxd4 Rd8 23. Bc3 h5 24. g3 Bc5+ 25. Kh1 a5 26. Re1 Qe6 27. a3 Qf5 28.
Qe4 Qe6 29. Kg2 h4 30. f5 Qxf5 31. Qxh4 Rd3 32. Rf1 Qe6 33. Qe4 Re3 34. Qa8+ Kg7
35. Re1 Rxe1 36. Bxe1 Qxe5 37. Bc3 Bd4 38. Qf3 Bxc3 39. Qxc3 Qxc3 40. bxc3 f5
41. Kf3 g5 42. h4 Kg6 43. hxg5 Kxg5 44. a4 Kf6 45. Kf4 Ke6 46. c4 Kf6 47. Ke3
Ke5 48. Kd3 Ke6 49. Ke3 Ke5 50. Kd3 Ke6 51. Ke3 Ke5 1/2-1/2

[Event "Chess.com Classic Div 3 W"]
[Site "chess.com INT"]
[Date "2024.05.10"]
[Round "1.1"]
[White "Warmerdam, Max"]
[Black "Lobanov, Sergei"]
[Result "1-0"]
[WhiteTitle "GM"]
[BlackTitle "GM"]
[WhiteElo "2652"]
[BlackElo "2507"]
[WhiteFideId "1048104"]
[BlackFideId "24183750"]
[EventDate "2024.05.10"]
[EventType "k.o."]

1. c4 e6 2. Nf3 d5 3. g3 dxc4 4. Qa4+ Nd7 5. Qxc4 a6 6. Bg2 b5 7. Qh4 Bb7 8.
Qxd8+ Rxd8 9. O-O Ngf6 10. a4 b4 11. d3 Be7 12. Nbd2 O-O 13. Nc4 c5 14. Bd2 Nd5
15. Rac1 Rc8 16. Rc2 Rfd8 17. b3 Ba8 18. Rfc1 h6 19. h4 Kf8 20. Kf1 Bf6 21. Nd6
Rb8 22. g4 Be7 23. Nc4 Bf6 24. e4 Nc3 25. g5 hxg5 26. hxg5 Bd4 27. Nb2 Ne5 28.
Nxd4 cxd4 29. Bf4 f6 30. Bxe5 fxe5 31. Nc4 Ke7 32. Nxe5 Kd6 33. Nf7+ Ke7 34.
Nxd8 Rxd8 35. f3 e5 36. Kf2 Bc6 37. Rh1 Rg8 38. Kg3 Rf8 39. Rh7 Kf7 40. Bh3 Kg6
41. Rh2 Ne2+ 42. Rxe2 Kxh7 43. Rc2 Be8 44. Rc4 a5 45. Rc5 Bf7 46. Rxe5 Bxb3 47.
Rxa5 Bc2 48. Rb5 b3 49. Bf5+ Kg8 50. Be6+ Kh7 51. Bf5+ Kh8 52. a5 Ra8 53. Be6
Kh7 54. Kg4 Bxd3 55. Rxb3 Be2 56. Bf5+ Kg8 57. Kf4 Rxa5 58. Rb4 d3 59. Ke3 Ra7
60. Rd4 Kf7 61. e5 g6 62. Bxd3 Bxd3 63. Rxd3 Ke6 64. Ke4 Ra6 65. Rd4 Rb6 66. f4
Ra6 67. Rd6+ Rxd6 68. exd6 Kxd6 69. f5 Ke7 70. f6+ Ke6 71. Kd4 Kd6 72. Kc4 Ke6
73. Kc5 Kf7 74. Kd6 Kf8 75. f7 Kxf7 76. Kd7 Kf8 77. Ke6 Kg7 78. Ke7 Kg8 79. Kf6
Kh7 80. Kf7 Kh8 81. Kxg6 Kg8 82. Kf6 Kh8 83. g6 Kg8 84. g7 1-0

[Event "Chess.com Classic Div 3 W"]
[Site "chess.com INT"]
[Date "2024.05.10"]
[Round "1.2"]
[White "Bernadskiy, Vitaliy"]
[Black "Kozak, Adam"]
[Result "1-0"]
[WhiteTitle "GM"]
[BlackTitle "GM"]
[WhiteElo "2564"]
[BlackElo "2607"]
[WhiteFideId "14100371"]
[BlackFideId "753246"]
[EventDate "2024.05.10"]
[EventType "k.o."]

1. e4 e5 2. Nf3 Nc6 3. Bb5 Nf6 4. O-O Nxe4 5. d4 Nd6 6. Bxc6 dxc6 7. dxe5 Nf5 8.
Qxd8+ Kxd8 9. h3 Bd7 10. a4 a5 11. Rd1 Kc8 12. g4 Ne7 13. Ra3 Be6 14. Rad3 b6
15. Rd8+ Kb7 16. Rxa8 Kxa8 17. Rd8+ Kb7 18. Ng5 Ng6 19. Nxe6 fxe6 20. Nc3 Nxe5
21. Ne4 Nf7 22. Re8 h6 23. Rxe6 Bb4 24. c3 Nd8 25. Rg6 Bf8 26. Ng3 Kc8 27. Nf5
Rh7 28. b4 Kd7 29. bxa5 bxa5 30. Nd4 Bd6 31. f4 Bc5 32. f5 Nf7 33. Kg2 Ne5 34.
Ne6 Nxg6 35. Nxc5+ Kd6 36. fxg6 Rh8 37. Be3 Rb8 38. Bd4 Rb2+ 39. Kg3 Rb1 40. Nd3
Ke6 41. Nf4+ Ke7 42. Bxg7 1-0

[Event "Chess.com Classic Div 3 W"]
[Site "chess.com INT"]
[Date "2024.05.10"]
[Round "1.2"]
[White "Bjerre, Jonas Buhl"]
[Black "Nguyen, Ngoc Truong Son"]
[Result "1/2-1/2"]
[WhiteTitle "GM"]
[BlackTitle "GM"]
[WhiteElo "2653"]
[BlackElo "2633"]
[WhiteFideId "1444948"]
[BlackFideId "12401110"]
[EventDate "2024.05.10"]
[EventType "k.o."]

1. e4 c6 2. d4 d5 3. e5 Bf5 4. Nd2 e6 5. Nb3 c5 6. dxc5 Bxc5 7. Bb5+ Kf8 8. Nf3
Bb6 9. O-O Ne7 10. Nfd4 Nbc6 11. Bxc6 bxc6 12. Bg5 Rc8 13. Nxf5 exf5 14. Qd3 Qd7
15. c4 Ng6 16. Rfe1 h6 17. Bd2 Kg8 18. a4 Re8 19. Bc3 Nf4 20. Qf3 dxc4 21. Qxf4
cxb3 22. Rad1 Qc8 23. a5 Bc7 24. Qd4 Re6 25. Qd7 Kh7 26. Qxf7 Rf8 27. Qd7 f4 28.
Qxc8 Rxc8 29. Rd7 Bb8 30. Re4 Rce8 31. Rxf4 Bxe5 32. Bxe5 Rxe5 33. g3 R8e7 34.
Rxe7 Rxe7 35. Rb4 Re5 36. Rxb3 Rxa5 37. Rb7 Ra1+ 38. Kg2 Rb1 39. Rxa7 Rxb2 40.
Rc7 1/2-1/2

[Event "Chess.com Classic Div 3 W"]
[Site "chess.com INT"]
[Date "2024.05.10"]
[Round "1.2"]
[White "Deac, Bogdan-Daniel"]
[Black "Andreikin, Dmitry"]
[Result "0-1"]
[WhiteTitle "GM"]
[BlackTitle "GM"]
[WhiteElo "2693"]
[BlackElo "2729"]
[WhiteFideId "1226380"]
[BlackFideId "4158814"]
[EventDate "2024.05.10"]
[EventType "k.o."]

1. d4 Nf6 2. c4 e6 3. Nf3 b6 4. a3 Bb7 5. Nc3 Ne4 6. Nxe4 Bxe4 7. e3 g6 8. Bd3
Bxd3 9. Qxd3 Bg7 10. b4 O-O 11. Bb2 d6 12. O-O Nd7 13. Rfd1 Qc8 14. Qc2 a5 15.
Rac1 axb4 16. axb4 Qb7 17. Rb1 Ra2 18. Ra1 Rfa8 19. Rxa2 Rxa2 20. Ra1 Qa6 21.
Rxa2 Qxa2 22. Ne1 c5 23. bxc5 bxc5 24. h3 h6 25. g3 Nb6 26. dxc5 dxc5 27. Bxg7
Qxc2 28. Nxc2 Kxg7 29. Na3 f5 30. f4 Kf6 31. Kf2 e5 32. Kf3 e4+ 33. Ke2 g5 34.
Kf2 gxf4 35. gxf4 Kg6 36. Kg2 Na4 37. Nb5 Nb2 38. Na3 Nd1 39. Nc2 Kh5 40. Kg3
Nb2 41. Na3 Nd1 42. Nc2 Nc3 43. Na1 Ne2+ 44. Kf2 Nc1 45. Kg3 Kg6 46. Kh4 Nd3 47.
Nb3 Nb2 48. Kg3 Nxc4 49. Kf2 Kh5 50. Nxc5 Kh4 51. Ne6 Kxh3 52. Ng7 Kg4 53. Ne8
Nb2 54. Nf6+ Kh3 55. Nh5 Nd3+ 56. Ke2 Nc5 57. Kf2 Nb3 58. Nf6 Nc1 59. Nh5 Nd3+
60. Ke2 Kh4 61. Nf6 Nb4 62. Kf2 Nc6 63. Ng8 Kh5 64. Nf6+ Kg6 65. Nd5 Kf7 66. Kg3
Ke6 67. Nc3 Nb4 68. Kh4 Nc2 69. Nd1 Kd5 70. Kh5 Kc4 71. Kg6 Kd3 72. Kxf5 Nxe3+
73. Nxe3 Kxe3 74. Kg4 h5+ 75. Kg5 h4 76. f5 h3 77. f6 h2 78. f7 h1=Q 79. f8=Q
Qg2+ 80. Kh6 Qh2+ 81. Kg6 Qg3+ 82. Kh7 Qh4+ 83. Kg8 Qg5+ 84. Kh8 Qe5+ 85. Kg8
Ke2 86. Qa3 e3 87. Qb3 Kf2 88. Qf7+ Kg2 89. Qb7+ Kg1 90. Qb6 Kh2 91. Qh6+ Kg3
92. Qg6+ Kf3 93. Qc6+ Qe4 94. Qc3 Kg2 95. Qg7+ Kf2 96. Qa7 Qf3 97. Qd4 Kf1 98.
Qa1+ Kg2 0-1

[Event "Chess.com Classic Div 3 W"]
[Site "chess.com INT"]
[Date "2024.05.10"]
[Round "1.2"]
[White "Durarbayli, Vasif"]
[Black "Gledura, Benjamin"]
[Result "1-0"]
[WhiteTitle "GM"]
[BlackTitle "GM"]
[WhiteElo "2627"]
[BlackElo "2619"]
[WhiteFideId "13402935"]
[BlackFideId "712779"]
[EventDate "2024.05.10"]
[EventType "k.o."]

1. e4 d6 2. d4 g6 3. Nf3 Bg7 4. Be2 Nf6 5. Nc3 O-O 6. O-O Nc6 7. d5 Nb8 8. Re1
c5 9. h3 Nbd7 10. Bf4 a6 11. a4 Ne8 12. Qd2 Rb8 13. Bf1 Qc7 14. Ra3 Ne5 15. Nxe5
dxe5 16. Be3 f5 17. f3 Nd6 18. a5 Bd7 19. Bf2 Rbc8 20. Na4 Bxa4 21. Rxa4 Qd7 22.
b3 fxe4 23. fxe4 h5 24. c4 Kh7 25. Ra2 Rf4 26. Bd3 Qc7 27. Be3 Rf6 28. Rc1 Nf7
29. g4 Rf3 30. Rf1 Rxf1+ 31. Bxf1 Qd6 32. g5 Qc7 33. h4 Nd6 34. Qd3 Rf8 35. Bg2
Rf4 36. Bxf4 exf4 37. Qh3 Qc8 38. Qxc8 Nxc8 39. Kf2 Nd6 40. Kf3 Be5 41. Bf1 Kg7
42. Ra4 Nf7 43. b4 Bd6 44. bxc5 Bxc5 45. Kxf4 Bd6+ 46. Ke3 Bc5+ 47. Kf4 Bd6+ 48.
Ke3 Bc5+ 49. Ke2 Ne5 50. Bh3 1-0